000 00359nam a22001457a 4500
003 MACL
005 20180526122116.0
008 180526b xxu||||| |||| 00| 0 eng d
040 _c MACL
100 _aBano, Jeelani
_911826
245 _aAiwan -e-GhaZal
260 _aIndia
_bNational Book Trust
_c2016
650 _aLiterature
_972592
942 _2ddc
_cBK
999 _c58119
_d58119